000 00427nam a2200157Ia 4500
005 20240606024042.0
008 240331s9999 xx 000 0 und d
082 _bCAR
_a362
100 _aCarrillo, R
245 0 _aViolence against women :
_ban obstacle to development
260 _bSocial Scientists' Association
_c1995
300 _a28 p.,
650 _aGender Based Violence
650 _aDevelopment Studies
942 _cL
999 _c2887
_d2887